Zgadnij miasto po jednym wyrazie! - Statystyki

Ogólne statystyki
  • Ten quiz został rozwiązany 227 razy
    158 od ostatniego zresetowania
  • Średni wynik to 21 z 52
Statystyki odpowiedzi
Lp Podpowiedź Miasto % Poprawnych
2 smok Kraków
98%
1 metro Warszawa
98%
5 piernik Toruń
91%
4 żuraw Gdańsk
82%
3 krasnoludek Wrocław
81%
7 "Spodek" Katowice
78%
20 koziołki Poznań
70%
16 molo Sopot
70%
17 port Gdynia
67%
40 paprykarz Szczecin
67%
23 półwysep Hel
64%
46 majonez Kielce
63%
43 Piotrkowska Łódź
60%
14 Jagiellonia Białystok
59%
25 sylwester Zakopane
59%
38 stolica Gniezno
56%
30 Wojtyła Wadowice
56%
32 "Energylandia" Zator
55%
6 czarnoziem Lublin
49%
18 PESA Bydgoszcz
45%
29 Zamoyski Zamość
44%
24 Matołek Pacanów
42%
27 obóz Oświęcim
41%
31 Tyskie Tychy
40%
19 dżem Łowicz
36%
37 powódź Opole
36%
33 memy Sosnowiec
36%
45 ...wrocław Inowrocław
35%
39 czeski Cieszyn
34%
44 prom Świnoujście
34%
11 chrząszcz Szczebrzeszyn
33%
12 rzeka Wisła
33%
15 "Potop" Częstochowa
32%
42 klaun Koszalin
29%
26 ksiądz Sandomierz
29%
50 ketchup Włocławek
27%
36 "Legendia" Chorzów
26%
35 browar Żywiec
23%
8 cegła Malbork
20%
13 bieszczady Ustrzyki Dolne
20%
21 Sarbsko Łeba
17%
28 Wajda Suwałki
17%
49 grudzień Grudziądz
13%
48 Szrenica Szklarska Poręba
12%
9 węgiel Bełchatów
11%
47 Seklerska Tarnów
11%
52 najmniejsze Opatowiec
8%
22 Palenica Szczawnica
6%
34 obrotowy Giżycko
5%
51 dzik Krynica Morska
5%
10 pstrąg Tarnowskie Góry
5%
41 pożarnictwo Mysłowice
3%
Nie znaleziono quizów pasujących do podanych kryteriów
Rozkład punktacji
Procent ludzi z każdym wynikiem
Percentyl według liczby udzielonych odpowiedzi
Twoja historia wyników
Nie rozwiązałeś tego quizu od ostatniego zresetowania